000 00417nam a22001697a 4500
999 _c6006
_d6006
003 GBCCL
005 20241126110554.0
008 180420b ||||| |||| 00| 0 eng d
040 _cgbc
082 _aVER 264.23
_bBIA
245 _aBiakna late (Athu vuak)
250 _a5th ed. (rev.)
260 _bEvangelical Book House,
_aLamka:
_c1987
300 _a350+33 p.;
_c22 cm.
650 _aHymns
_97148
942 _2ddc
_cBK